000 00441nam a22001457a 4500
020 _a9789692243001
082 _a340.59
_bAHM
100 _aAhmad, Iftikhar
_cJameel, Asghar
245 _aIslam ka Qanoon-e-Mehnat: Quran o Sunnat ki Taleemat ki Roshni mein
_cIftikhar Ahmad and Asghar Jameel
260 _aRawalpindi:
_c2024.
300 _a274p
563 _aHB
650 _aQuran and Sunnat
_aLabour law
_9133384
942 _2ddc
_cBK
999 _c616343
_d616343